College accounting (Record no. 14877)

MARC details
000 -LEADER
fixed length control field 00647nam a22002177a 4500
003 - CONTROL NUMBER IDENTIFIER
control field URS
005 - DATE AND TIME OF LATEST TRANSACTION
control field 20230301102846.0
008 - FIXED-LENGTH DATA ELEMENTS--GENERAL INFORMATION
fixed length control field 171222b xxu||||| |||| 00| 0 eng d
040 ## - CATALOGING SOURCE
Transcribing agency urs
050 ## - LIBRARY OF CONGRESS CALL NUMBER
Classification number HF 5635 P75 1993
100 ## - MAIN ENTRY--PERSONAL NAME
9 (RLIN) 223
Personal name Price, John Ellis.,
Relator term author
245 ## - TITLE STATEMENT
Title College accounting
Statement of responsibility, etc. John Ellis Price, M. David Haddock, Horace R. Brock
250 ## - EDITION STATEMENT
Edition statement Seventh edition
336 ## - CONTENT TYPE
Source rdacontent
Content type term text
Content type code txt
337 ## - MEDIA TYPE
Source rdamedia
Media type term unmediated
Media type code n
338 ## - CARRIER TYPE
Source rdacarrier
Carrier type term volume
Carrier type code nc
650 #0 - SUBJECT ADDED ENTRY--TOPICAL TERM
9 (RLIN) 2788
Topical term or geographic name entry element Accounting
700 ## - ADDED ENTRY--PERSONAL NAME
Personal name Haddock, M. David.,
9 (RLIN) 225
Relator term author.
700 ## - ADDED ENTRY--PERSONAL NAME
Personal name Brock, Horace R.,
9 (RLIN) 226
Relator term author
942 ## - ADDED ENTRY ELEMENTS (KOHA)
Source of classification or shelving scheme Library of Congress Classification
Koha item type Foreign Books
Holdings
Withdrawn status Source of classification or shelving scheme Damaged status Not for loan Collection code Home library Current library Shelving location Date acquired Total Checkouts Full call number Barcode Date last seen Price effective from Koha item type
  Library of Congress Classification     Non-fiction Binangonan College Library Binangonan College Library Foreign Section 06/07/2023   HF 5635 P75 1993 URSBIN-161 12/22/2017 12/22/2017 Foreign Books

University of Rizal System
Email us at univlibservices@urs.edu.ph

Visit our Website www.urs.edu.ph/library